Club Ligue 1 2022-2023 - Statistiques

Statistiques générales
  • Ce quiz a été pris 132 fois
  • Le résultat moyen est 18 sur 20
Statistiques - réponses
Hint Réponse % Correct
15 Paris
100%
10 Marseille
99%
9 Lyon
97%
7 Lille
96%
11 Monaco
95%
13 Nantes
95%
6 Lens
94%
14 Nice
94%
17 Rennes
94%
18 Strasbourg
94%
20 Toulouse
93%
16 Reims
92%
12 Montpellier
91%
4 Brest
90%
2 Angers
87%
8 Lorient
86%
1 Ajaccio
83%
3 Auxerre
83%
5 Clermont
83%
19 Troyes
81%
Aucun quiz correspondant
Distribution des résultats
% des personnes avec chaque résultat
Percentile par nombre de réponses
Votre historique - résultats
Vous n’avez pas pris ce quiz